Movies Quiz

Random Movies or Disney Quiz
Score 0/100 Timer 10:00
0 Plays Today
% Correct
Peter Pan
96.2%
Wendy
94.4%
Dumbo
92.9%
Alice
92.5%
Snow White
91.9%
Aladdin
91%
Bambi
90.7%
Belle
90%
Beast
89.3%
Jasmine
88.9%
Lady
87.4%
Grumpy
86.7%
Simba
86.4%
Captain Hook
85.4%
Sleepy
85.3%
Cinderella
85.1%
Dopey
84.4%
Tramp
84.2%
Sneezy
84.1%
Robin Hood
83.8%
Doc
83.5%
Evil Queen
83.4%
Nala
82.3%
Happy
81.3%
Little John
81.3%
The Prince
80.9%
Jafar
80.3%
Pinocchio
79.9%
Scar
79.5%
Thumper
78.5%
Bashful
77.5%
Prince John
77%
Tinkerbell
76%
Mufasa
74.7%
% Correct
John
74.3%
Queen of Hearts
73.8%
Mad Hatter
73.3%
Gaston
72.6%
Genie
71.5%
Timon
71.3%
Abu
70.4%
White Rabbit
69.2%
Flower
68.7%
Chip
64.4%
Michael
63.7%
Smee
63.7%
Cheshire Cat
63%
Prince Charming
61.9%
Mrs. Potts
60.4%
Lumiere
60.1%
Iago
59.4%
Maid Marian
57.2%
Pumbaa
56.3%
Cogsworth
55.8%
Gus
51.9%
Zazu
51.3%
Blue Fairy
49.4%
Rafiki
49.3%
Lost Boys
46.3%
Jiminy Cricket
46.1%
Nana
42.2%
Tweedledee
38.8%
Tweedledum
38.6%
Tiger Lily
38.4%
March Hare
38.2%
Fairy Godmother
37.6%
Friar Tuck
37%
Anastasia
37%
% Correct
Jaq
36.6%
Bianca
35.9%
Timothy Mouse
33%
Geppetto
32.9%
Bernard
32.9%
Mrs. Jumbo
31.5%
Jim Dear and Darling
30.1%
Drizella
29.1%
Crocodile
27.2%
Figaro
24.2%
Sir Hiss
23.8%
Jim Crow
23.7%
Si & Am
23.3%
Magic Mirror
22.9%
Cleo
22.2%
Stromboli
19.6%
Sheriff of Nottingham
18.1%
Lady Cluck
17.9%
Trusty
16.9%
Jock
16.6%
The bloodhound, Bruno
16.3%
Lady Tremaine, Step Mother
12.8%
Madame Medusa
12.4%
Gideon
11%
Peg
9.1%
Alan A Dale
7.5%
Nutsy
7.4%
Trigger
6.9%
Skippy
5.1%
Beaver
4.6%
Toby
4.3%
Casey Junior
4.2%
Remove Ads.
Support Sporcle.
Get the best of Sporcle when you Go Orange. This ad-free experience offers more features, more stats, and more fun while also helping to support Sporcle. Thank you for becoming a member.

You're not logged in!

Compare scores with friends on all Sporcle quizzes.
OR
Log In

Show Comments

Extras

Created Oct 8, 2009ReportNominate
Tags:Disney Quiz, Character

Top Quizzes Today


Score Distribution

Your Account Isn't Verified!

In order to create a playlist on Sporcle, you need to verify the email address you used during registration. Go to your Sporcle Settings to finish the process.

Report this User

Report this user for behavior that violates our Community Guidelines.

Details: